书目信息 |
| 题名: |
多元化视角下的翻译研究
|
|
| 作者: | 余静 著 | |
| 分册: | ||
| 出版信息: | 上海 上海交通大学出版社 2021.04 |
|
| 页数: | 147页 | |
| 开本: | 24cm | |
| 丛书名: | 外国语言文学前沿研究丛书 | |
| 单 册: | ||
| 中图分类: | H059 | |
| 科图分类: | ||
| 主题词: | 翻译--fan yi--研究 | |
| 电子资源: | ||
| ISBN: | 978-7-313-22456-9 | |
| 000 | 01339nam 2200277 450 | |
| 001 | CAL 004141335 | |
| 005 | 20210719105033.3 | |
| 010 | @a978-7-313-22456-9@dCNY72.00 | |
| 092 | @aCN@bRt983-1874 | |
| 100 | @a20210713d2021 em y0chiy0120 ea | |
| 101 | 0 | @achi |
| 102 | @aCN@b310000 | |
| 105 | @ay a 001yy | |
| 106 | @ar | |
| 200 | 1 | @a多元化视角下的翻译研究@Aduo yuan hua shi jiao xia de fan yi yan jiu@f余静著 |
| 210 | @a上海@c上海交通大学出版社@d2021.04 | |
| 215 | @a147页@d24cm | |
| 225 | 2 | @a外国语言文学前沿研究丛书@Awai guo yu yan wen xue qian yan yan jiu cong shu |
| 320 | @a有书目和索引 | |
| 330 | @a本书主要包含以下三个方面: 对翻译研究涉及的不同理论视角进行理论梳理、构建和衔接 ; 开拓不同研究领域之间的借鉴和合作 ; 通过多样化的理论视角对特定领域的案例进行多维度研究, 旨在凸显多元化视角下的翻译理论和案例研究能够在哪些领域为翻译研究带来的推进。本书注重翻译研究不同领域之间的跨界研究, 理论研究层面涉及多个研究方向、流派和视角之间的理论衔接和构建, 既包括从某一个理论视角来审视另外一个研究视角感兴趣的话题, 也包括研究视角之间的中间地带, 案例研究涉及通过多个理论视角来对同一研究对象展开不同侧面的多方位研究。 | |
| 410 | 0 | @12001 @a外国语言文学前沿研究丛书 |
| 606 | 0 | @a翻译@Afan yi@x研究 |
| 690 | @aH059@v5 | |
| 701 | 0 | @a余静@Ayu jing@4著 |
| 801 | 0 | @aCN@b人天书店@c20210713 |
| 905 | @aTSG@b0001785@dH059@eY756@f1 | |
| 多元化视角下的翻译研究/余静著.-上海:上海交通大学出版社,2021.04 |
| 147页;24cm.-(外国语言文学前沿研究丛书) |
| ISBN 978-7-313-22456-9:CNY72.00 |
| 本书主要包含以下三个方面: 对翻译研究涉及的不同理论视角进行理论梳理、构建和衔接 ; 开拓不同研究领域之间的借鉴和合作 ; 通过多样化的理论视角对特定领域的案例进行多维度研究, 旨在凸显多元化视角下的翻译理论和案例研究能够在哪些领域为翻译研究带来的推进。本书注重翻译研究不同领域之间的跨界研究, 理论研究层面涉及多个研究方向、流派和视角之间的理论衔接和构建, 既包括从某一个理论视角来审视另外一个研究视角感兴趣的话题, 也包括研究视角之间的中间地带, 案例研究涉及通过多个理论视角来对同一研究对象展开不同侧面的多方位研究。 |
| ● |
| 相关链接 |
|
|
|
正题名:多元化视角下的翻译研究
索取号:H059/Y756
 
预约/预借
| 序号 | 登录号 | 条形码 | 馆藏地/架位号 | 状态 | 备注 |
| 1 | 1549413 | 215494132 | 语言库209/209语言库 67排4列4层/ [索取号:H059/Y756] | 在馆 |